Oriental and classical antiquity : Egypt, western Asia, Greece and Rome /

محفوظ في:

مؤلف مشترك: Nationalmuseet (Denmark). Antiksamlingen

التنسيق: كتاب

اللغة: English

منشور في: Copenhagen : [publisher not identified], 1950.

سلاسل: Guides to the National Museum.

الموضوعات:

الوسوم: إضافة وسم

لا توجد وسوم, كن أول من يضع وسما على هذه التسجيلة!

رقم الطلب: AM101 .C7774 1950

LEADER 01000nam a2200289I 4500
001 4464
003 OSt
005 20250616132110.0
008 130303s1950 dk f 000 0 eng d
010 |a 56017611 
035 |a ocm01997010 
040 |c ARCE Library 
043 |a f-ua---  |a aw-----  |a e-gr--- 
050 4 |a AM101 .C7774 1950 
110 2 |a Nationalmuseet (Denmark).  |b Antiksamlingen, 
245 1 0 |a Oriental and classical antiquity :  |b Egypt, western Asia, Greece and Rome /   |c Danish National Museum. Department of Oriental and Classical Antiquities (Copenhagen). 
264 1 |a Copenhagen :  |b [publisher not identified],  |c 1950. 
300 |a 107 pages :  |b plates ;  |c 22 cm. 
490 0 |a Guides to the National Museum. 
650 0 |a Oriental antiquities.  
651 0 |a Egypt  |x Antiquities. 
651 0 |a Greece  |x Antiquities. 
651 0 |a Middle East  |x Antiquities. 
810 2 |a Nationalmuseet (Denmark).  |t Guides to the National Museum. 
901 |a reviewed 
942 |c BK  |2 lcc 
999 |c 3235  |d 3235